000
00235 a2200097 4500
001
14137
100
_a
Campbell R.R
245
_a
English composition for foreign students
260
_a
London
_b
Longmans green
_c
090
_c
11081
_d
11081
942
_a
NUST-CAE
_c
M
_c
1205
999
_c
249210
_d
249210